Devine le joueur avec sa carrière (édtion AJ Auxerre)) - Statistiques

Statistiques générales
  • Ce quiz a été pris 167 fois
  • Le résultat moyen est 8 sur 20
Statistiques - réponses
Par images Réponse % Correct
Jubal
81%
Djibril Cissé
76%
M'Baye Niang
68%
Laurent Blanc
55%
Bacary Sagna
52%
Ireneusz Jeleń
51%
Ruben Aguilar
51%
Paul-Georges Ntep
49%
Rémy Dugimont
38%
Fabien Cool
37%
Jean-Charles Castelletto
34%
Younès Kaboul
33%
Lionel Mathis
31%
Yaya Sanogo
31%
Valter Birsa
28%
Ludovic Obraniak
26%
Julian Jeanvier
24%
Christophe Cocard
13%
Cédric Hountondji
10%
Gérald Baticle
8%
Aucun quiz correspondant
Distribution des résultats
% des personnes avec chaque résultat
Percentile par nombre de réponses
Votre historique - résultats
Vous n’avez pas pris ce quiz